| 000 | 00870nam a22002415i 4500 | ||
|---|---|---|---|
| 001 | 165797 | ||
| 003 | ES-MaACL | ||
| 005 | 20250815062651.0 | ||
| 008 | 990702q18901900sp |||| | spa d | ||
| 040 |
_aCCPB | B _bspa _cCCPB | B |
||
| 100 | 1 |
_aStourm, René. _9108340 |
|
| 245 | 1 | 4 |
_aLos presupuestos / _cpor René Stourm ; traducido de la cuarta edición francesa por J. M. Navarro de Palencia. |
| 260 |
_aMadrid : _bLa España Moderna, _c[s.a.] |
||
| 300 |
_a2 v. ; _c22 cm. |
||
| 490 | 1 | _aBiblioteca de jurisprudencia, filosofía é historia | |
| 596 | 1 | _aEditorial ejerce ca. 1890-1900. | |
| 650 |
_aPresupuestos. _916398 |
||
| 700 | 1 |
_aNavarro de Palencia, José María. _985117 |
|
| 830 | 0 | 0 |
_aBiblioteca de jurisprudencia, filosofía e historia _9180691 |
| 852 |
_aES-MaACL _jB-12446-47 _z-- Enc. hol. |
||
| 999 |
_c165797 _d165797 |
||